| 000 | 00425cam a2200181ua 4500 | ||
|---|---|---|---|
| 020 | _c6.00 | ||
| 041 |
_ahin _h |
||
| 082 |
_a891.54 _bZWE/BU |
||
| 100 | _aZweeg, Steefen . | ||
| 245 |
_aBuzdil / _cSteefen Zweeg. _hTextual Documents |
||
| 250 |
_a2 / _b. |
||
| 260 |
_aNew Delhi : _bNational Publishing House , _c1961. |
||
| 300 | _a350 ; . | ||
| 365 | _a6.00 | ||
| 504 | _a | ||
| 942 | _cBK | ||
| 999 |
_c6553 _d6553 |
||